[Event "GBR-ch108 Under 16"]
[Site "Torquay"]
[Date "2022.08.11"]
[Round "6"]
[White "Badacsonyi, Frankie"]
[Black "Brooks, Tom"]
[Result "1-0"]
[WhiteElo "1732"]
[BlackElo "1696"]
[PlyCount "89"]
[EventDate "2022.08.08"]
[EventType "swiss"]
[EventRounds "7"]
[EventCountry "GBR"]
[SourceTitle "BritBase"]
[Source "John Saunders"]
[SourceDate "2021.06.05"]
[SourceVersion "1"]
[SourceVersionDate "2021.06.05"]
[SourceQuality "1"]

1. Nf3 Nf6 2. g3 g6 3. Bg2 Bg7 4. d4 O-O 5. c4 d6 6. O-O Nbd7 7. Nc3 e5 8. e4
c6 9. h3 Re8 10. Re1 Qe7 11. Be3 exd4 12. Nxd4 Ne5 13. b3 c5 14. Nde2 Be6 15.
Rc1 Nh5 16. f4 Nc6 17. g4 Nf6 18. Ng3 h6 19. f5 Bc8 20. g5 hxg5 21. Bxg5 Qe5
22. Bxf6 Qxf6 23. Nd5 Qd4+ 24. Kh2 Qxd1 25. Rcxd1 Rd8 26. Bf3 gxf5 27. exf5 Be5
28. Bg4 Nd4 29. Kg2 Kf8 30. f6 Be6 31. Ne4 b5 32. Nc7 Bxg4 33. hxg4 Rac8 34.
Nd5 bxc4 35. bxc4 Rb8 36. Rd2 Ke8 37. Nxc5 Rbc8 38. Nb7 Rd7 39. Nxd6+ Rxd6 40.
Rxe5+ Ne6 41. Rc2 Rxd5 42. Rxd5 Nf4+ 43. Kf3 Nxd5 44. Re2+ Kd8 45. cxd5 1-0

[Event "GBR-ch108 Under 16"]
[Site "Torquay"]
[Date "2022.08.11"]
[Round "6"]
[White "Buckman, Cyrus"]
[Black "Doyle, Jamie"]
[Result "0-1"]
[WhiteElo "1218"]
[BlackElo "1454"]
[PlyCount "60"]
[EventDate "2022.08.08"]
[EventType "swiss"]
[EventRounds "7"]
[EventCountry "GBR"]
[SourceTitle "BritBase"]
[Source "John Saunders"]
[SourceDate "2021.06.05"]
[SourceVersion "1"]
[SourceVersionDate "2021.06.05"]
[SourceQuality "1"]

1. d4 d5 2. c4 e6 3. Nf3 Nf6 4. Nc3 Be7 5. Bf4 a6 6. c5 O-O 7. e3 Nc6 8. a3 Nh5
9. Bg3 Nxg3 10. hxg3 f6 11. Qc2 g6 12. Bd3 f5 13. b4 Bf6 14. Qb3 Kg7 15. Rd1
Bd7 16. Ke2 Be8 17. Bc2 Bf7 18. Qa2 Qd7 19. Bb3 b6 20. cxb6 cxb6 21. Rc1 Rac8
22. Na4 Na7 23. Kd2 Qd6 24. Rhd1 Nb5 25. Ke1 Rfd8 26. Ng1 e5 27. Rxc8 Rxc8 28.
dxe5 Bxe5 29. Bxd5 Rd8 30. Bb3 Qxd1+ 0-1

[Event "GBR-ch108 Under 16"]
[Site "Torquay"]
[Date "2022.08.11"]
[Round "6"]
[White "Fleri, Luke"]
[Black "McCauley, Rohan"]
[Result "1/2-1/2"]
[WhiteElo "1483"]
[BlackElo "1176"]
[PlyCount "62"]
[EventDate "2022.08.08"]
[EventType "swiss"]
[EventRounds "7"]
[EventCountry "GBR"]
[SourceTitle "BritBase"]
[Source "John Saunders"]
[SourceDate "2021.06.05"]
[SourceVersion "1"]
[SourceVersionDate "2021.06.05"]
[SourceQuality "1"]

1. e4 Nf6 2. e5 Nd5 3. d4 d6 4. exd6 exd6 5. Nf3 Be7 6. c4 Nb6 7. Bd3 Nc6 8. a3
a5 9. d5 Ne5 10. Nxe5 dxe5 11. Qc2 h6 12. O-O O-O 13. Re1 Nd7 14. Nc3 Bd6 15.
Be3 Qe7 16. Ne4 b6 17. Ng3 Nc5 18. Bf5 Qf6 19. b4 Bxf5 20. Nxf5 Nd7 21. c5 bxc5
22. bxc5 Nxc5 23. Bxc5 Bxc5 24. Qxc5 Qxf5 25. Qxc7 e4 26. Rad1 Rfd8 27. d6 Rd7
28. Qc6 Rad8 29. Rd5 Qe6 30. h3 Rxd6 31. Rxd6 Qxd6 1/2-1/2

[Event "GBR-ch108 Under 16"]
[Site "Torquay"]
[Date "2022.08.11"]
[Round "6"]
[White "Gardner, Leo"]
[Black "Maton, Emily"]
[Result "1-0"]
[WhiteElo "1420"]
[BlackElo "1431"]
[PlyCount "71"]
[EventDate "2022.08.08"]
[EventType "swiss"]
[EventRounds "7"]
[EventCountry "GBR"]
[SourceTitle "BritBase"]
[Source "John Saunders"]
[SourceDate "2021.06.05"]
[SourceVersion "1"]
[SourceVersionDate "2021.06.05"]
[SourceQuality "1"]

1. e4 c5 2. Nf3 Nc6 3. d4 cxd4 4. Nxd4 Nf6 5. Nc3 e5 6. Ndb5 d6 7. Bg5 a6 8.
Na3 b5 9. Nd5 Be7 10. Bxf6 Bxf6 11. c3 g6 12. Nc2 Bg7 13. a4 bxa4 14. Rxa4 Bb7
15. Bc4 O-O 16. O-O Na5 17. b3 Bc6 18. Rxa5 Qxa5 19. Ne7+ Kh8 20. Nxc6 Qc5 21.
Qd5 a5 22. Qxc5 dxc5 23. Ra1 Bh6 24. Ne3 Bxe3 25. fxe3 f6 26. Rxa5 Rxa5 27.
Nxa5 Ra8 28. b4 Kg7 29. Kf2 Kf8 30. Ke2 Ke8 31. Kd3 Kd7 32. Bd5 Rc8 33. b5 Kc7
34. Nc4 Rd8 35. b6+ Kb8 36. Na5 1-0

[Event "GBR-ch108 Under 16"]
[Site "Torquay"]
[Date "2022.08.11"]
[Round "6"]
[White "Harandi, Teymour"]
[Black "Ball, Katie C"]
[Result "0-1"]
[WhiteElo "1128"]
[BlackElo "1259"]
[PlyCount "58"]
[EventDate "2022.08.08"]
[EventType "swiss"]
[EventRounds "7"]
[EventCountry "GBR"]
[SourceTitle "BritBase"]
[Source "John Saunders"]
[SourceDate "2021.06.05"]
[SourceVersion "1"]
[SourceVersionDate "2021.06.05"]
[SourceQuality "1"]

1. e4 d5 2. exd5 Nf6 3. d4 Bg4 4. f3 Bf5 5. g4 Bg6 6. c4 e6 7. Nc3 exd5 8. g5
Nfd7 9. cxd5 Nb6 10. Bb5+ N8d7 11. f4 Bb4 12. Qe2+ Qe7 13. Qxe7+ Kxe7 14. Kf2
Bxc3 15. bxc3 Nxd5 16. Ne2 c6 17. Ba3+ Kd8 18. Bc4 N7b6 19. Bb3 Bd3 20. Rhe1
Re8 21. Ng3 Rc8 22. Nh5 g6 23. Nf6 Nxf6 24. gxf6 Rxe1 25. Rxe1 Bc4 26. Re7 Rc7
27. Bd6 Rd7 28. Rxd7+ Kxd7 29. Bxc4 Nxc4 0-1

[Event "GBR-ch108 Under 16"]
[Site "Torquay"]
[Date "2022.08.11"]
[Round "6"]
[White "Jackson, Edward"]
[Black "Volovich, Julia"]
[Result "1-0"]
[WhiteElo "1496"]
[BlackElo "1625"]
[PlyCount "89"]
[EventDate "2022.08.08"]
[EventType "swiss"]
[EventRounds "7"]
[EventCountry "GBR"]
[SourceTitle "BritBase"]
[Source "John Saunders"]
[SourceDate "2021.06.05"]
[SourceVersion "1"]
[SourceVersionDate "2021.06.05"]
[SourceQuality "1"]

1. e4 e6 2. d4 d5 3. Nd2 Nc6 4. Ngf3 Nf6 5. e5 Nd7 6. Nb3 a5 7. a4 Be7 8. Bb5
Na7 9. Be2 b6 10. O-O c5 11. c4 Bb7 12. Be3 O-O 13. Rc1 Rc8 14. cxd5 Bxd5 15.
dxc5 bxc5 16. Nbd2 Rb8 17. b3 Nc6 18. Bb5 Ncxe5 19. Nxe5 Nxe5 20. Bxc5 Bxc5 21.
Rxc5 Qg5 22. Rxd5 exd5 23. f4 Qf6 24. fxe5 Qxe5 25. Nf3 Qe3+ 26. Kh1 Rfd8 27.
Nd4 Rbc8 28. Nf5 Qg5 29. Qe1 Kh8 30. Nd4 Rc5 31. Nf3 Qh5 32. Ne5 f6 33. Nd3 Rc2
34. Nf4 Qg4 35. h3 Qg5 36. Bd3 Rb2 37. Qxa5 Rb8 38. Qc7 R2xb3 39. Ne6 Qh6 40.
Nd8 Qh5 41. Qe7 Kg8 42. Re1 g5 43. Bxh7+ Kh8 44. Qxf6+ Kxh7 45. Re7+ 1-0

[Event "GBR-ch108 Under 16"]
[Site "Torquay"]
[Date "2022.08.11"]
[Round "6"]
[White "Liu, Jack"]
[Black "Srivastava, Arnav"]
[Result "1/2-1/2"]
[WhiteElo "1417"]
[BlackElo "1594"]
[PlyCount "71"]
[EventDate "2022.08.08"]
[EventType "swiss"]
[EventRounds "7"]
[EventCountry "GBR"]
[SourceTitle "BritBase"]
[Source "John Saunders"]
[SourceDate "2021.06.05"]
[SourceVersion "1"]
[SourceVersionDate "2021.06.05"]
[SourceQuality "1"]

1. e4 e5 2. Nf3 Nc6 3. Bb5 a6 4. Ba4 Nf6 5. O-O Be7 6. Re1 b5 7. Bb3 O-O 8. c3
d5 9. exd5 Nxd5 10. Nxe5 Nxe5 11. Rxe5 c6 12. d4 Bd6 13. Re1 Qh4 14. g3 Qh3 15.
Be3 Bg4 16. Qd3 Rae8 17. Nd2 Re6 18. a4 f5 19. Qf1 Qh5 20. f4 Rfe8 21. Qf2 h6
22. axb5 axb5 23. Nf1 Kh8 24. Bxd5 cxd5 25. Qd2 g5 26. fxg5 hxg5 27. Bf2 Bf3
28. Qd3 Be4 29. Qxb5 Qh3 30. Rxe4 dxe4 31. d5 R6e7 32. Ra6 e3 33. Nxe3 Bxg3 34.
Bxg3 Rxe3 35. Qd7 f4 36. Ra7 1/2-1/2

[Event "GBR-ch108 Under 16"]
[Site "Torquay"]
[Date "2022.08.11"]
[Round "6"]
[White "Sachdeva, Ronit"]
[Black "Neenan, Henry"]
[Result "1-0"]
[WhiteElo "1327"]
[BlackElo "1570"]
[PlyCount "41"]
[EventDate "2022.08.08"]
[EventType "swiss"]
[EventRounds "7"]
[EventCountry "GBR"]
[SourceTitle "BritBase"]
[Source "John Saunders"]
[SourceDate "2021.06.05"]
[SourceVersion "1"]
[SourceVersionDate "2021.06.05"]
[SourceQuality "1"]

1. e4 c6 2. d4 d5 3. e5 c5 4. c3 Nc6 5. dxc5 Nxe5 6. Be3 Nf6 7. Nf3 Bg4 8. Nxe5
Bxd1 9. Bb5+ Nd7 10. Bxd7+ Qxd7 11. Nxd7 Bh5 12. Nxf8 Kxf8 13. O-O e6 14. Na3
a6 15. f3 Ke7 16. c4 Rhd8 17. Rad1 dxc4 18. Nxc4 Bg6 19. Rxd8 Rxd8 20. Nd6 b6
21. b4 1-0

[Event "GBR-ch108 Under 16"]
[Site "Torquay"]
[Date "2022.08.11"]
[Round "6"]
[White "Weersing, Abigail Riis"]
[Black "Ismail, Mohammed Aayan"]
[Result "1-0"]
[WhiteElo "1620"]
[BlackElo "1956"]
[PlyCount "155"]
[EventDate "2022.08.08"]
[EventType "swiss"]
[EventRounds "7"]
[EventCountry "GBR"]
[SourceTitle "BritBase"]
[Source "John Saunders"]
[SourceDate "2021.06.05"]
[SourceVersion "1"]
[SourceVersionDate "2021.06.05"]
[SourceQuality "1"]

1. d4 Nf6 2. c4 e6 3. Nc3 Bb4 4. Qc2 d5 5. Nf3 O-O 6. Bg5 h6 7. Bh4 Nbd7 8. e3
b6 9. cxd5 exd5 10. Bd3 Bb7 11. O-O Be7 12. Rac1 c5 13. Rfd1 c4 14. Be2 a6 15.
a4 Ne8 16. Bg3 Bd6 17. Ne5 Qe7 18. Bf3 Bxe5 19. dxe5 Nxe5 20. Bxe5 Qxe5 21.
Bxd5 Bxd5 22. Rxd5 Qc7 23. Ne4 Rc8 24. Qd2 Qe7 25. Qd4 Qb4 26. h3 Rc6 27. Nd2
Nf6 28. Rd8 Rxd8 29. Qxd8+ Kh7 30. Rxc4 Rxc4 31. Qd3+ Re4 32. f3 Qxa4 33. fxe4
g6 34. e5 Nd7 35. Qd4 Nc5 36. Nc4 Ne6 37. Qc3 Qc6 38. Qb3 Qd5 39. Qc3 Qc5 40.
Nd6 Qxc3 41. bxc3 a5 42. Nc4 a4 43. Kf2 Nc5 44. Ke2 g5 45. Kd2 Nd7 46. Kc2 Kg6
47. e4 b5 48. Na3 Nxe5 49. Nxb5 Nc4 50. g4 Kf6 51. Nd4 Nd6 52. Kb2 Nxe4 53. Nf5
h5 54. c4 Nc5 55. Ka3 hxg4 56. hxg4 Ke5 57. Kb4 Nd7 58. Kxa4 Kf4 59. Nh6 Ke5
60. Nxf7+ Kd4 61. Kb5 Ke4 62. c5 Nf6 63. c6 Nd5 64. Kc5 Ne7 65. Kd6 Nc8+ 66.
Kd7 Nb6+ 67. Kd8 Kd5 68. c7 Ke6 69. Nh6 Kd6 70. c8=Q Nxc8 71. Kxc8 Ke6 72. Kc7
Ke5 73. Kd7 Kf6 74. Kd6 Kg7 75. Nf5+ Kf6 76. Ng3 Kg6 77. Ke6 Kg7 78. Kf5 1-0

[Event "GBR-ch108 Under 16"]
[Site "Torquay"]
[Date "2022.08.12"]
[Round "7"]
[White "Doyle, Jamie"]
[Black "Sachdeva, Ronit"]
[Result "0-1"]
[WhiteElo "1454"]
[BlackElo "1327"]
[PlyCount "74"]
[EventDate "2022.08.08"]
[EventType "swiss"]
[EventRounds "7"]
[EventCountry "GBR"]
[SourceTitle "BritBase"]
[Source "John Saunders"]
[SourceDate "2021.06.05"]
[SourceVersion "1"]
[SourceVersionDate "2021.06.05"]
[SourceQuality "1"]

1. e4 c5 2. Nf3 d6 3. Bb5+ Bd7 4. Bxd7+ Nxd7 5. O-O Ngf6 6. Re1 g6 7. c3 Bg7 8.
d4 O-O 9. Bg5 h6 10. Bh4 g5 11. Bg3 Nh5 12. Na3 Nxg3 13. fxg3 Rb8 14. Qd3 a6
15. Nc4 b5 16. Ne3 b4 17. Qxa6 e6 18. Qd3 Qa5 19. g4 Rfc8 20. h4 bxc3 21. bxc3
cxd4 22. cxd4 Rc3 23. Qd2 Qa3 24. Re2 Rbc8 25. hxg5 hxg5 26. Rf1 Rd3 27. Qe1 f6
28. Nc2 Qa4 29. Qf2 Rdc3 30. Nce1 f5 31. e5 fxg4 32. Nxg5 Rf8 33. Nf7 dxe5 34.
dxe5 g3 35. Qf4 Qxf4 36. Rxf4 Rxf7 37. Rxf7 Kxf7 0-1

[Event "GBR-ch108 Under 16"]
[Site "Torquay"]
[Date "2022.08.12"]
[Round "7"]
[White "Ismail, Mohammed Aayan"]
[Black "Jackson, Edward"]
[Result "1/2-1/2"]
[WhiteElo "1956"]
[BlackElo "1496"]
[PlyCount "158"]
[EventDate "2022.08.08"]
[EventType "swiss"]
[EventRounds "7"]
[EventCountry "GBR"]
[SourceTitle "BritBase"]
[Source "John Saunders"]
[SourceDate "2021.06.05"]
[SourceVersion "1"]
[SourceVersionDate "2021.06.05"]
[SourceQuality "1"]

1. Nf3 Nf6 2. c4 e6 3. g3 d5 4. Bg2 Be7 5. O-O O-O 6. Qc2 c5 7. cxd5 exd5 8. d4
cxd4 9. Nxd4 Qb6 10. Nb3 Nc6 11. Nc3 Be6 12. Bg5 d4 13. Bxf6 Bxf6 14. Na4 Qb5
15. Nac5 Nb4 16. Qd2 Bxb3 17. Nxb3 d3 18. a4 Qb6 19. exd3 Rad8 20. d4 Nc6 21.
Qc2 Nxd4 22. Nxd4 Rxd4 23. b3 Rfd8 24. Rae1 g6 25. Re3 Rd2 26. Qe4 R2d7 27. Qc4
Kg7 28. h4 h5 29. Bh3 Rc7 30. Qe2 Qb4 31. Rd1 Rxd1+ 32. Qxd1 Qa3 33. Qd5 Rc1+
34. Kh2 Rc2 35. Rf3 Qe7 36. Bf1 Qe1 37. Kg2 Rc1 38. Qb5 a6 39. Qe2 Qb4 40. Qd3
Qc5 41. Qd7 Qc6 42. Qxc6 Rxc6 43. Rd3 Rb6 44. Be2 Kf8 45. Rd7 Ke8 46. Rc7 Be5
47. Rc5 Bd6 48. Rd5 Ke7 49. Bc4 Rc6 50. Rd3 Bc5 51. Rc3 Rf6 52. f4 Bd4 53. Rd3
Rd6 54. Rd2 a5 55. f5 Bc5 56. Re2+ Kf6 57. Rc2 b6 58. Kf3 gxf5 59. Re2 Rd4 60.
Kg2 Rg4 61. Kh3 f4 62. gxf4 Rxf4 63. Kg3 Rg4+ 64. Kh3 Rf4 65. Kg3 Rf5 66. Re4
Bd6+ 67. Kg2 Be5 68. Be2 Kg7 69. Rc4 Bf6 70. Bf3 b5 71. axb5 Rxb5 72. Bd1 Rd5
73. Bf3 Rb5 74. Bd1 Rd5 75. Bf3 Rd2+ 76. Kf1 Kg6 77. Be4+ Kh6 78. Rc5 Rd4 79.
Bf3 a4 1/2-1/2

[Event "GBR-ch108 Under 16"]
[Site "Torquay"]
[Date "2022.08.12"]
[Round "7"]
[White "Jithendra, Raina"]
[Black "Fleri, Luke"]
[Result "0-1"]
[WhiteElo "1342"]
[BlackElo "1483"]
[PlyCount "70"]
[EventDate "2022.08.08"]
[EventType "swiss"]
[EventRounds "7"]
[EventCountry "GBR"]
[SourceTitle "BritBase"]
[Source "John Saunders"]
[SourceDate "2021.06.05"]
[SourceVersion "1"]
[SourceVersionDate "2021.06.05"]
[SourceQuality "1"]

1. e4 e5 2. Nf3 Nc6 3. d4 exd4 4. Bc4 Nf6 5. O-O d5 6. exd5 Nxd5 7. Nxd4 Be7 8.
c3 O-O 9. Re1 Bf6 10. Nxc6 bxc6 11. Na3 Qd6 12. Nb5 cxb5 13. Qxd5 Qxd5 14. Bxd5
Rb8 15. Bf4 Bb7 16. Rad1 Rfc8 17. Re2 h6 18. Red2 Bg5 19. Bxg5 hxg5 20. Bb3 c5
21. Rd7 c4 22. Bc2 a5 23. b3 cxb3 24. Bxb3 Rxc3 25. Bxf7+ Kh7 26. h4 gxh4 27.
R1d4 Rc6 28. Rxh4+ Rh6 29. Rxh6+ Kxh6 30. Rd6+ Kg5 31. Rg6+ Kf5 32. g4+ Kf4 33.
Rxg7 Rc8 34. Be6 Rc1+ 35. Kh2 Rh1# 0-1

[Event "GBR-ch108 Under 16"]
[Site "Torquay"]
[Date "2022.08.12"]
[Round "7"]
[White "Liu, Jack"]
[Black "Badacsonyi, Frankie"]
[Result "0-1"]
[WhiteElo "1417"]
[BlackElo "1732"]
[PlyCount "56"]
[EventDate "2022.08.08"]
[EventType "swiss"]
[EventRounds "7"]
[EventCountry "GBR"]
[SourceTitle "BritBase"]
[Source "John Saunders"]
[SourceDate "2021.06.05"]
[SourceVersion "1"]
[SourceVersionDate "2021.06.05"]
[SourceQuality "1"]

1. e4 e6 2. d4 d5 3. Nc3 Bb4 4. e5 Ne7 5. a3 Bxc3+ 6. bxc3 c5 7. Qg4 Qc7 8.
Qxg7 Rg8 9. Qxh7 cxd4 10. Ne2 Nbc6 11. f4 dxc3 12. Qd3 Bd7 13. Qxc3 Nf5 14. Rb1
d4 15. Qd3 O-O-O 16. h4 f6 17. exf6 e5 18. h5 e4 19. Qc4 Qd6 20. f7 Rg4 21. Bd2
Be6 22. Qb5 Qd7 23. Ba5 Rf8 24. Qc5 Rxf7 25. h6 Rg8 26. g4 Ne3 27. g5 Rf5 28.
h7 Rh8 0-1

[Event "GBR-ch108 Under 16"]
[Site "Torquay"]
[Date "2022.08.12"]
[Round "7"]
[White "Maton, Emily"]
[Black "Edwards, David M"]
[Result "1-0"]
[WhiteElo "1431"]
[BlackElo "2197"]
[PlyCount "65"]
[EventDate "2022.08.08"]
[EventType "swiss"]
[EventRounds "7"]
[EventCountry "GBR"]
[SourceTitle "BritBase"]
[Source "John Saunders"]
[SourceDate "2021.06.05"]
[SourceVersion "1"]
[SourceVersionDate "2021.06.05"]
[SourceQuality "1"]

1. c4 c5 2. Nf3 Nc6 3. Nc3 g6 4. d4 cxd4 5. Nxd4 Nxd4 6. Qxd4 Nf6 7. e4 Bg7 8.
Be3 O-O 9. Qd2 Ng4 10. h4 Nxe3 11. Qxe3 e5 12. h5 b6 13. hxg6 fxg6 14. c5 Bf6
15. Qh6 Qe7 16. Bc4+ Kh8 17. cxb6 axb6 18. Nd5 Qg7 19. Qxg7+ Bxg7 20. Nxb6 Rb8
21. Nxc8 Rbxc8 22. b3 Rf4 23. f3 Bf8 24. Ke2 Bc5 25. Rh3 d6 26. a4 Kg7 27. g4
g5 28. a5 Ra8 29. Bd5 Ra7 30. Rah1 Kh8 31. Rh5 Rc7 32. Rxg5 Bd4 33. Rg8# 1-0

[Event "GBR-ch108 Under 16"]
[Site "Torquay"]
[Date "2022.08.12"]
[Round "7"]
[White "McCauley, Rohan"]
[Black "Jayawarna, Tarini"]
[Result "1/2-1/2"]
[WhiteElo "1176"]
[BlackElo "1295"]
[PlyCount "49"]
[EventDate "2022.08.08"]
[EventType "swiss"]
[EventRounds "7"]
[EventCountry "GBR"]
[SourceTitle "BritBase"]
[Source "John Saunders"]
[SourceDate "2021.06.05"]
[SourceVersion "1"]
[SourceVersionDate "2021.06.05"]
[SourceQuality "1"]

1. d4 Nf6 2. Nc3 g6 3. Bf4 Bg7 4. e4 d6 5. Qd2 O-O 6. O-O-O Nbd7 7. e5 Nh5 8.
Bh6 Bxh6 9. Qxh6 c6 10. Nf3 f6 11. g4 Ng7 12. h4 Qa5 13. exd6 exd6 14. Qe3 Nb6
15. Rg1 Be6 16. a3 Rae8 17. Qd2 Bc4 18. Bxc4+ Nxc4 19. Qd3 b5 20. Nd2 Nb6 21.
d5 cxd5 22. Qxb5 Qxb5 23. Nxb5 a6 24. Nd4 Nc4 25. N2f3 1/2-1/2

[Event "GBR-ch108 Under 16"]
[Site "Torquay"]
[Date "2022.08.12"]
[Round "7"]
[White "Neenan, Henry"]
[Black "Ali, Shahvez"]
[Result "1-0"]
[WhiteElo "1570"]
[BlackElo "1554"]
[PlyCount "107"]
[EventDate "2022.08.08"]
[EventType "swiss"]
[EventRounds "7"]
[EventCountry "GBR"]
[SourceTitle "BritBase"]
[Source "John Saunders"]
[SourceDate "2021.06.05"]
[SourceVersion "1"]
[SourceVersionDate "2021.06.05"]
[SourceQuality "1"]

1. e4 e6 2. d4 d5 3. e5 c5 4. c3 Qb6 5. Nf3 Bd7 6. a3 cxd4 7. cxd4 Bb5 8. Bxb5+
Qxb5 9. Nc3 Qa6 10. Bd2 Nc6 11. b4 Qb6 12. Be3 Nge7 13. O-O Nf5 14. Qd3 Nxe3
15. fxe3 Be7 16. Rac1 f5 17. exf6 Bxf6 18. Na4 Qd8 19. Nc5 Qe7 20. Qb5 Rb8 21.
Nxb7 Rxb7 22. Qxc6+ Rd7 23. Qa6 O-O 24. Rc8 Rxc8 25. Qxc8+ Rd8 26. Qc5 Qd7 27.
Rc1 Qa4 28. Qc3 Qa6 29. Rc2 h6 30. Qb3 g5 31. Ne1 Rf8 32. Qd3 Qd6 33. b5 Kg7
34. Rc6 Qd7 35. Qc2 Bd8 36. Nf3 Qf7 37. h3 h5 38. Qe2 Qf5 39. Qc2 Qf6 40. a4 g4
41. hxg4 hxg4 42. Nh2 g3 43. Nf3 Qh6 44. Rc7+ Bxc7 45. Qxc7+ Rf7 46. Qxg3+ Kf8
47. Qg5 Qh7 48. Qd8+ Kg7 49. Ng5 Qb1+ 50. Kh2 Rf6 51. Qe7+ Kg6 52. Nxe6 Qf5 53.
Qg7+ Kh5 54. Nf4+ 1-0

[Event "GBR-ch108 Under 16"]
[Site "Torquay"]
[Date "2022.08.12"]
[Round "7"]
[White "Tomy, Jeff"]
[Black "Gardner, Leo"]
[Result "1/2-1/2"]
[WhiteElo "1577"]
[BlackElo "1420"]
[PlyCount "105"]
[EventDate "2022.08.08"]
[EventType "swiss"]
[EventRounds "7"]
[EventCountry "GBR"]
[SourceTitle "BritBase"]
[Source "John Saunders"]
[SourceDate "2021.06.05"]
[SourceVersion "1"]
[SourceVersionDate "2021.06.05"]
[SourceQuality "1"]

1. d4 d6 2. c4 g6 3. Nc3 Bg7 4. e4 e5 5. d5 a5 6. Be3 Nd7 7. Bd3 Nc5 8. Bc2 Qe7
9. Nge2 b6 10. O-O f5 11. f3 f4 12. Bf2 Nf6 13. a3 Bd7 14. b4 Nb7 15. Ba4 Bxa4
16. Qxa4+ Qd7 17. Qc6 Qxc6 18. dxc6 Nd8 19. Nb5 Ne6 20. Nxc7+ Nxc7 21. Bxb6 Rc8
22. Bxa5 Na6 23. b5 Nc5 24. Bb4 Ke7 25. a4 Ne8 26. Rfd1 Nb3 27. Rab1 Nd4 28.
Nc3 Nxc6 29. bxc6 Rxc6 30. Nd5+ Ke6 31. Rdc1 Nf6 32. Ba5 Rhc8 33. Rb7 Nd7 34.
Rc7 R8xc7 35. Bxc7 Nc5 36. a5 Na6 37. Bb6 Bf8 38. Kf1 Be7 39. Ke2 Kd7 40. Kd2
Bd8 41. Kc3 Nc5 42. Ra1 Na6 43. Bxd8 Kxd8 44. Nb4 Nxb4 45. Kxb4 Kc7 46. Kb5
Rc5+ 47. Kb4 Rc6 48. a6 Rb6+ 49. Ka5 Rb2 50. Rg1 Kc6 51. a7 Ra2+ 52. Kb4 Rxa7
53. g3 1/2-1/2

[Event "GBR-ch108 Under 16"]
[Site "Torquay"]
[Date "2022.08.12"]
[Round "7"]
[White "Volovich, Julia"]
[Black "Brooks, Tom"]
[Result "1-0"]
[WhiteElo "1625"]
[BlackElo "1696"]
[PlyCount "165"]
[EventDate "2022.08.08"]
[EventType "swiss"]
[EventRounds "7"]
[EventCountry "GBR"]
[SourceTitle "BritBase"]
[Source "John Saunders"]
[SourceDate "2021.06.05"]
[SourceVersion "1"]
[SourceVersionDate "2021.06.05"]
[SourceQuality "1"]

1. d4 Nf6 2. c4 g6 3. Nc3 Bg7 4. e4 d6 5. Nf3 O-O 6. Be3 Nbd7 7. Be2 e5 8. dxe5
dxe5 9. Qc2 c6 10. Rd1 Qe7 11. O-O h6 12. h3 Re8 13. Rd2 g5 14. Nh2 Nf8 15.
Rfd1 Ng6 16. Na4 b6 17. Rd6 Qc7 18. c5 b5 19. Nc3 Be6 20. b4 Bf8 21. R6d2 a5
22. a3 Nf4 23. Bg4 Nxg4 24. Nxg4 Bg7 25. Rd6 a4 26. Qd2 Kh8 27. Nh2 Bf8 28.
Bxf4 exf4 29. e5 Bf5 30. Nf3 Bxd6 31. exd6 Qd7 32. Qd4+ Kg8 33. Ne5 Qb7 34. h4
f6 35. Nf3 Qf7 36. hxg5 hxg5 37. Nd2 Kg7 38. Nde4 Kg6 39. f3 Rad8 40. Kf2 Bd7
41. Ne2 Qe6 42. Qd3 f5 43. Nd4 Qe5 44. Re1 fxe4 45. fxe4 Kf6 46. Nf3 Qe6 47.
e5+ Kg7 48. Nxg5 Qg6 49. Qxg6+ Kxg6 50. Nf3 Rc8 51. Nd4 Be6 52. Rh1 Bd5 53. d7
Rh8 54. dxc8=Q Rxc8 55. Rh4 Kg5 56. Rh1 Re8 57. Re1 Kg6 58. Ne2 Kf5 59. Nd4+
Kg6 60. g3 fxg3+ 61. Kxg3 Kg5 62. e6 Kf6 63. Kf4 Bxe6 64. Nxc6 Rg8 65. Ne5 Rg2
66. Re3 Rb2 67. Ng4+ Ke7 68. Ne5 Kd8 69. Nc6+ Kd7 70. Nd4 Bc4 71. Rg3 Rf2+ 72.
Ke4 Rf7 73. Rg5 Re7+ 74. Re5 Rh7 75. c6+ Kd6 76. Rc5 Rh4+ 77. Ke3 Rh3+ 78. Kf2
Kc7 79. Rg5 Rxa3 80. Rg7+ Kc8 81. Rb7 Ra2+ 82. Kg3 a3 83. Nf5 1-0

[Event "GBR-ch108 Under 14"]
[Site "Torquay"]
[Date "2022.08.08"]
[Round "1"]
[White "Aditya, Tari"]
[Black "Chan, Michelle Ngo Yu"]
[Result "0-1"]
[WhiteElo "1230"]
[BlackElo "1638"]
[PlyCount "58"]
[EventDate "2022.08.08"]
[EventType "swiss"]
[EventRounds "7"]
[EventCountry "GBR"]
[SourceTitle "BritBase"]
[Source "John Saunders"]
[SourceDate "2021.06.05"]
[SourceVersion "1"]
[SourceVersionDate "2021.06.05"]
[SourceQuality "1"]

1. e4 e5 2. Nf3 Nc6 3. Nc3 Nf6 4. Bc4 Nxe4 5. Nxe4 d5 6. Bxd5 Qxd5 7. Nc3 Qd8
8. h3 Bc5 9. O-O O-O 10. Ne4 Bb6 11. a3 f5 12. Ng3 e4 13. Ne1 Qd6 14. c4 Qxg3
15. d4 exd3 16. b4 Bd4 17. b5 Ne5 18. Bb2 Qf4 19. Bc1 Qh4 20. Rb1 Qd8 21. Nxd3
Nxd3 22. Be3 Bxe3 23. fxe3 Be6 24. Qd2 Bxc4 25. Rfd1 Qe7 26. Qc3 Qxe3+ 27. Kh2
Qf4+ 28. g3 Qf2+ 29. Kh1 Bd5# 0-1

[Event "GBR-ch108 Under 14"]
[Site "Torquay"]
[Date "2022.08.08"]
[Round "1"]
[White "Eccleston, Bryony"]
[Black "Bharat Kumar, Balahari"]
[Result "0-1"]
[WhiteElo "1032"]
[BlackElo "1738"]
[PlyCount "119"]
[EventDate "2022.08.08"]
[EventType "swiss"]
[EventRounds "7"]
[EventCountry "GBR"]
[SourceTitle "BritBase"]
[Source "John Saunders"]
[SourceDate "2021.06.05"]
[SourceVersion "1"]
[SourceVersionDate "2021.06.05"]
[SourceQuality "1"]

1. e4 c5 2. d4 cxd4 3. c3 dxc3 4. Nxc3 Nc6 5. Nf3 e6 6. Bc4 a6 7. O-O Nge7 8.
Bf4 Ng6 9. Bg3 Be7 10. a3 O-O 11. Qc2 b5 12. Bd3 Bb7 13. e5 Rc8 14. h4 Nxh4 15.
Bxh4 Bxh4 16. Bxh7+ Kh8 17. Bd3 b4 18. axb4 Nxb4 19. Qe2 Nxd3 20. Qxd3 Be7 21.
Rfd1 Qb6 22. Qxd7 Bc5 23. Qd2 Qc7 24. Rac1 Bxf3 25. gxf3 Qxe5 26. Qe2 Qg3+ 27.
Kf1 Qh2 28. Ke1 Qg1+ 29. Kd2 Qxf2 30. Qxf2 Bxf2 31. Rh1+ Kg8 32. Rh3 Rfd8+ 33.
Ke2 Bd4 34. Rch1 Kf8 35. Rh4 Bxc3 36. Rh8+ Ke7 37. Rxd8 Kxd8 38. bxc3 Rxc3 39.
Rh7 Rc2+ 40. Ke3 Rg2 41. Rh8+ Ke7 42. Ra8 Ra2 43. Ke4 Kf6 44. Ra7 a5 45. Ra6 g5
46. Ra8 a4 47. Rh8 a3 48. Rh6+ Kg7 49. Rh1 Rb2 50. Ra1 a2 51. Kd3 Rb3+ 52. Ke2
Ra3 53. Kf2 Kg6 54. Kg3 f5 55. Kf2 Kf6 56. Kg2 Ke5 57. Kg3 g4 58. Re1+ Kd4 59.
Rd1+ Kc3 60. Ra1 0-1